| 000 | 00584nam a22001577a 4500 | ||
|---|---|---|---|
| 999 |
_c535496 _d535496 |
||
| 020 | _qHard Cover. | ||
| 082 | _a624.1 | ||
| 100 | _aMuhammad Rashid, Hasnain | ||
| 245 |
_aHighway workzone safety: an assessment of current safety practices and driver's risk perception for Pakistan / _cHasnain Muhammad Rashid. |
||
| 260 |
_aIslamabad: _bNIT NUST, _c2014. |
||
| 300 |
_a80 p. : _bill. ; _c30cm. |
||
| 942 |
_2ddc _cTHE |
||
| 650 |
_aConstruction Engineering and Management MS-Thesis. _917023 |
||
| 700 |
_aDr. Anwaar Ahmed _930086 |
||